MARC details
| 000 -LEADER |
| campo de control de longitud fija |
02265nam a2200289 i 4500 |
| 001 - NÚMERO DE CONTROL |
| campo de control |
164569 |
| 003 - IDENTIFICADOR DE NÚMERO DE CONTROL |
| campo de control |
ES-MaACL |
| 005 - FECHA Y HORA DE LA ÚLTIMA TRANSACCIÓN |
| campo de control |
20250629063142.0 |
| 008 - DATOS DE LONGITUD FIJA--INFORMACIÓN GENERAL |
| campo de control de longitud fija |
940202s1766 sz |||| | lat d |
| 100 1# - ENTRADA PRINCIPAL--NOMBRE DE PERSONA |
| Nombre de persona |
Sánchez de las Brozas, Francisco, |
| Fechas asociadas al nombre |
1522-1600 |
| 9 (RLIN) |
102587 |
| 245 10 - MENCIÓN DEL TÍTULO |
| Título |
Francisci Sanctii Brocensis ... Opera omnia : |
| Resto del título |
una cum eiusdem scriptoris vita / |
| Mención de responsabilidad, etc. |
auctore Gregorio Maiansio ... ; tomus primus [-quartus]. |
| 260 ## - PUBLICACIÓN, DISTRIBUCIÓN, ETC. |
| Lugar de publicación, distribución, etc. |
Genevae : |
| Nombre del editor, distribuidor, etc. |
apud Fratres de Tournes, |
| Fecha de publicación, distribución, etc. |
1766. |
| 300 ## - DESCRIPCIÓN FÍSICA |
| Extensión |
4 t. ([2], VIII, [2], 476 p. ; [4], 595 p. ; [4], 592 p. ; [4], 432 p.) : |
| Otras características físicas |
il. ; |
| Dimensiones |
20 cm. |
| 505 8# - NOTA DE CONTENIDO CON FORMATO |
| Nota de contenido con formato |
Contiene: t. I: Opera Grammatica -- t. II: Opera Philologica, pars prima -- t. III: Opera Philologica, pars secunda: Francisci Sanctii Brocensis ... Commentaria in Andr. Alciati emblemata, p. 1-378 ; Spaera mundi ex variis authoribus concinnata / per Franciscum Sanctium Brocensem, p. 279-416 ; Declaracion y uso del relox español ... / por Hugo Frisio i romanzado por Francisco Sanchez ..., p. 417-484 ; Francisci Sanctii Brocensis ... Epistolae, p. 485-498 ; Dotrina del estoico filosopho Epicteto ... / traducido de griego por ... Francisco Sanchez, p. 500-592 -- t. IV: Opera poetica: Obras del excelente poeta Garci-Lasso de la Vega / con anotaciones y enmiendas del maestro Francisco Sánchez... Obras del famoso poeta Juan de Mena |
| 530 ## - NOTA DISPONIBLE DE FORMULARIO FÍSICO ADICIONAL |
| Nota de formato físico adicional disponible |
Disponible en formato digital. |
| 597 ## - NOTA DE DESCRIPCIÓN FÍSICA |
| NOTA DE DESCRIPCIÓN FÍSICA |
Sign.: [ ]¹, cruz 5, A-Z8, Aa-Ff8, Gg6 ; [ ]², A-Z8, Aa-Oo8, Pp² ; [ ]², A-Z8, Aa-Oo8 ; [ ]², A-N8, O-P4, Q-Z8, Aa-Ee8. |
| 597 ## - NOTA DE DESCRIPCIÓN FÍSICA |
| NOTA DE DESCRIPCIÓN FÍSICA |
Antep. |
| 597 ## - NOTA DE DESCRIPCIÓN FÍSICA |
| NOTA DE DESCRIPCIÓN FÍSICA |
Portada del t. I a dos tintas. |
| 599 ## - NOTA A LAS ILUSTRACIONES |
| NOTA A LAS ILUSTRACIONES |
Las il., grabados xilográficos geométricos, intercalados en el texto, en t. III. |
| 600 14 - PUNTO DE ACCESO ADICIONAL DE MATERIA--NOMBRE DE PERSONA |
| Nombre de persona |
Sánchez de las Brozas, Francisco, |
| Fechas asociadas al nombre |
1522-1600 |
| 9 (RLIN) |
102587 |
| 650 04 - PUNTO DE ACCESO ADICIONAL DE MATERIA--TÉRMINO DE MATERIA |
| Término de materia o nombre geográfico como elemento de entrada |
Lengua latina- |
| Subdivisión general |
Gramática. |
| 9 (RLIN) |
14300 |
| 650 #4 - PUNTO DE ACCESO ADICIONAL DE MATERIA--TÉRMINO DE MATERIA |
| Término de materia o nombre geográfico como elemento de entrada |
Filologia latina. |
| 9 (RLIN) |
136113 |
| 700 1# - ENTRADA AGREGADA--NOMBRE PERSONAL |
| Nombre de persona |
Mayáns y Siscar, Gregorio. |
| 9 (RLIN) |
79333 |
| 852 ## - LOCALIZACIÓN |
| Ubicación |
ES-MaACL |
| Número de control de estantería |
R-390-93 |
| Nota libre |
- Enc. hol. |
| Encuadernación |
-- Edic.: Este ejemplar tiene VIII, [2], 476 p. - Las [2] p. corresponden al "Elenchus tractatum tomi primi" y están enc. entre la p. 474 y 475 |
| -- |
Olim: G-246-49 |
| 856 ## - LOCALIZACIÓN Y ACCESO ELECTRÓNICOS |
| Identificador Uniforme de Recursos |
<a href="http://bdh-rd.bne.es/viewer.vm?id=0000013602&page=1 ">http://bdh-rd.bne.es/viewer.vm?id=0000013602&page=1 </a> |
| Nota pública |
Biblioteca Digital Hispánica |